<?xml version="1.0" encoding="UTF-8"?><?xml-stylesheet type="text/xsl" href="static/style.xsl"?><OAI-PMH xmlns="http://www.openarchives.org/OAI/2.0/" xmlns:xsi="http://www.w3.org/2001/XMLSchema-instance" xsi:schemaLocation="http://www.openarchives.org/OAI/2.0/ http://www.openarchives.org/OAI/2.0/OAI-PMH.xsd"><responseDate>2026-04-13T02:59:27Z</responseDate><request verb="GetRecord" identifier="oai:www.recercat.cat:2117/398150" metadataPrefix="marc">https://recercat.cat/oai/request</request><GetRecord><record><header><identifier>oai:recercat.cat:2117/398150</identifier><datestamp>2025-07-22T18:27:53Z</datestamp><setSpec>com_2072_1033</setSpec><setSpec>col_2072_452951</setSpec></header><metadata><record xmlns="http://www.loc.gov/MARC21/slim" xmlns:dcterms="http://purl.org/dc/terms/" xmlns:xsi="http://www.w3.org/2001/XMLSchema-instance" xmlns:doc="http://www.lyncode.com/xoai" xsi:schemaLocation="http://www.loc.gov/MARC21/slim http://www.loc.gov/standards/marcxml/schema/MARC21slim.xsd">
   <leader>00925njm 22002777a 4500</leader>
   <datafield ind2=" " ind1=" " tag="042">
      <subfield code="a">dc</subfield>
   </datafield>
   <datafield ind2=" " ind1=" " tag="720">
      <subfield code="a">Alexander Bilbao, Christian</subfield>
      <subfield code="e">author</subfield>
   </datafield>
   <datafield ind2=" " ind1=" " tag="260">
      <subfield code="c">2023-10-20</subfield>
   </datafield>
   <datafield ind2=" " ind1=" " tag="520">
      <subfield code="a">Las Casas Silenciosas de RCR Arquitectos surge de la inquietud de visitar las casas y pabellones que estos arquitectos hicieron en la Garrotxa, una comarca de Girona, ubicada a una hora y media desde Barcelona. Esta inquietud fue impulsada por un estudio que ellos realizaron: Las Casas Silenciosas o Las Casas que no Gritan (en catalán). Un estudio sobre las casas de payés también en la Garrotxa.&#xd;
La composición de este trabajo es de dos partes complementarias. La primera trata sobre las casas y pabellones de RCR Arquitectos como casos de estudio. Esto se relaciona al valor que la visita en sitio tiene como experiencia significativa. Asimismo, trata de la esencialidad que vincula casas y pabellones y el valor del silencio como fenómeno visual y compositivo. Cada obra es abordada desde un análisis descriptivo acompañado de planos y fotografías del autor.&#xd;
En cuanto a la segunda parte, trata sobre los silencios que las obras tienen en común. Dos tipos de silencios encontrados y propuestos que se manifiestan en los casos de estudio: los extrínsecos y los intrínsecos. Adicionalmente, se hace una comparación entre las casas de payés de Las Casas Silenciosas y las obras analizadas de RCR Arquitectes. Lo anterior es acompañado y expresado mediante un análisis descriptivo a través de texto y diagramas.&#xd;
De esta manera, se trata de responder si las obras estudiadas de RCR Arquitectes son también silenciosas o en qué medida gritan.</subfield>
   </datafield>
   <datafield tag="653" ind2=" " ind1=" ">
      <subfield code="a">Àrees temàtiques de la UPC::Arquitectura::Arquitectes</subfield>
   </datafield>
   <datafield tag="653" ind2=" " ind1=" ">
      <subfield code="a">Àrees temàtiques de la UPC::Arquitectura::Tipologies d'edificis::Habitatges</subfield>
   </datafield>
   <datafield tag="653" ind2=" " ind1=" ">
      <subfield code="a">RCR Arquitectes -- Criticism and interpretation</subfield>
   </datafield>
   <datafield tag="653" ind2=" " ind1=" ">
      <subfield code="a">Housing, Single family -- Spain -- La Garrotxa</subfield>
   </datafield>
   <datafield tag="653" ind2=" " ind1=" ">
      <subfield code="a">Pavilions -- Spain -- La Garrotxa</subfield>
   </datafield>
   <datafield tag="653" ind2=" " ind1=" ">
      <subfield code="a">Silence</subfield>
   </datafield>
   <datafield tag="653" ind2=" " ind1=" ">
      <subfield code="a">Casa</subfield>
   </datafield>
   <datafield tag="653" ind2=" " ind1=" ">
      <subfield code="a">Pabellón</subfield>
   </datafield>
   <datafield tag="653" ind2=" " ind1=" ">
      <subfield code="a">Experiencia</subfield>
   </datafield>
   <datafield tag="653" ind2=" " ind1=" ">
      <subfield code="a">Silencio</subfield>
   </datafield>
   <datafield tag="653" ind2=" " ind1=" ">
      <subfield code="a">Esencia</subfield>
   </datafield>
   <datafield tag="653" ind2=" " ind1=" ">
      <subfield code="a">Paisaje</subfield>
   </datafield>
   <datafield tag="653" ind2=" " ind1=" ">
      <subfield code="a">Entorno</subfield>
   </datafield>
   <datafield tag="653" ind2=" " ind1=" ">
      <subfield code="a">RCR Aranda Pigem Vilalta Arquitectes -- Crítica i interpretació</subfield>
   </datafield>
   <datafield tag="653" ind2=" " ind1=" ">
      <subfield code="a">Habitatges unifamiliars -- Catalunya -- Garrotxa</subfield>
   </datafield>
   <datafield tag="653" ind2=" " ind1=" ">
      <subfield code="a">Pavellons -- Catalunya -- Garrotxa</subfield>
   </datafield>
   <datafield tag="653" ind2=" " ind1=" ">
      <subfield code="a">Silenci</subfield>
   </datafield>
   <datafield ind2="0" ind1="0" tag="245">
      <subfield code="a">Las casas silenciosas de RCR Arquitectes</subfield>
   </datafield>
</record></metadata></record></GetRecord></OAI-PMH>